The narrative of Robert Adams, a Barbary captive /

Bibliographic Details
Main Author: Adams, Robert (Sailor)
Other Authors: Adams, Charles Hansford, 1954-
Format: Book
Language:English
Published: Cambridge ; New York : Cambridge University Press, 2005.
Subjects:
Online Access:Table of contents

MARC

Tag First Indicator Second Indicator Subfields
LEADER 00000cam a2200000 a 4500
001 in00002113713
005 20151102195050.0
008 050201s2005 enkab b 001 0deng
010 |a  2005002290 
020 |a 0521842840 (hbk.) 
020 |a 0521603730 (pbk.) 
024 3 |a 9780521842846 
024 3 |a 9780521603737 
035 |a (OCoLC)ocm57577347 
040 |a DLC  |c DLC  |d BAKER  |d C#P  |d NYP  |d MDY  |d IXA  |d UtOrBLW 
043 |a fd-----  |a f-ml--- 
049 |a TXAM 
050 0 0 |a DT333  |b .A33 2005 
082 0 0 |a 916.604/23  |2 22 
100 1 |a Adams, Robert  |c (Sailor) 
240 1 0 |a Narrative of Robert Adams, a sailor who was wrecked on the western coast of Africa, in the year 1810 
245 1 4 |a The narrative of Robert Adams, a Barbary captive /  |c edited by Charles Hansford Adams. 
264 1 |a Cambridge ;  |a New York :  |b Cambridge University Press,  |c 2005. 
300 |a lxvi, 190 pages :  |b illustrations, maps ;  |c 24 cm. 
336 |a text  |b txt  |2 rdacontent 
337 |a unmediated  |b n  |2 rdamedia 
338 |a volume  |b nc  |2 rdacarrier 
500 |a Originally published as: A narrative of Robert Adams, a sailor who was wrecked on the western coast of Africa, in the year 1810. London : J. Murray, 1916. 
504 |a Includes bibliographical references and index. 
541 0 |a Given by Charles R. Tapley, Julie Tapley, David Tapley and Kyle Tapley in honor of John T. Tapley. 
651 0 |a Sahara  |x Description and travel. 
651 0 |a Tombouctou (Mali)  |x Description and travel. 
650 0 |a Slavery  |z Sahara. 
600 1 0 |a Adams, Robert  |c (Sailor)  |x Travel  |z Africa. 
600 1 0 |a Adams, Robert  |c (Sailor)  |x Captivity, 1810. 
650 0 |a African American sailors  |z Africa  |v Biography. 
700 1 |a Adams, Charles Hansford,  |d 1954- 
856 4 1 |3 Table of contents  |u http://www.loc.gov/catdir/toc/ecip057/2005002290.html  |t 0 
938 |a Baker & Taylor  |b BKTY  |c 20.00  |d 20.00  |i 0521603730  |n 0006256002  |s active 
938 |a Baker & Taylor  |b BKTY  |c 65.00  |d 65.00  |i 0521842840  |n 0006256001  |s active 
945 |i PromptCat 
947 |a A14832710191 
994 |a 92  |b TXA 
948 |a cataloged  |b h  |c 2006/2/17  |d c  |e rbarron  |f 6:16:50 pm 
999 |a MARS 
999 f f |s d22e7e0d-e30a-3d9f-b063-6f9b70b093c1  |i e32c3544-5ee8-362f-90d4-a7b4f5f700c7  |t 0 
952 f f |p normal  |a Texas A&M University  |b College Station  |c Sterling C. Evans Library  |d Evans: Library Stacks  |t 0  |e DT333 .A33 2005  |h Library of Congress classification  |i unmediated -- volume  |m A14832710191 
998 f f |a DT333 .A33 2005  |t 0  |l Evans: Library Stacks